000 00499nam a2200181Ia 4500
001 2328
005 20260306144759.0
008 260306t2014||||xx |||||||||||||| ||spa||
041 _aESP
082 _a616.86
_bM26
100 _aMartínez González, José Miguel
_eAUT
245 0 _aDrogodependientes con trastorno de la personalidad:
_bguía de intervenciones psicológicas
260 _c2014
300 _a241 páginas :
_c21 cm.
650 _aGEN
654 _aCPS
942 _cLIB
_dJUS
_fJUS
_2ddc
_n
999 _c2328
_d2328